000 01011nam a2200277 a 4500
001 000006765
003 DO-SdBNP
005 20260219105723.0
008 090902s1999 dr a 000 0 spa d
020 _a8489525617
040 _aDO-SdBNP
_bspa
_cBNPHU
082 _a378.7293
_bF363i
100 1 _aFernández, Jorge Max
_910925
245 1 0 _aINTEC :
_bun caso de innovación en la educación superior dominicana /
_cJorge Max Fernández.
260 _aSanto Domingo :
_bINTEC,
_c1999.
300 _a188 p. :
_bil. ;
_c22 cm.
500 _aIncluye referencias bibliográficas y notas al pie de las páginas
504 _aBibliografía: p. 176-188
590 _aInventariado, 2018/MFF
650 0 _aEducación superior
_zRepública Dominicana
_9730
650 4 _aUniversidades
_zRepública Dominicana
_9729
650 0 _aInnovaciones educativas
_zRepública Dominicana
_917115
710 2 2 _aInstituto Tecnológico de Santo Domingo
_978911
910 _aValidado. Control de calidad MFF
942 _2ddc
_cLBS1
999 _c6553
_d6553